Riconosci il Pokémon - Quiz n°564 - Statistics

Statistiche generali
  • Questo quiz è stato fatto 0 volte
  • Il punteggio medio è 0 su 10
Statistiche sulle risposte
Indizio Risposta % Corretto
Altezza 0,7 m
0%
Peso 20,2 kg
0%
Tasso di cattura 75 (17.5%)
0%
Sesso 87.5% ♂, 12.5% ♀
0%
Abilità Cuordeciso; Forza Interiore; Burla
0%
Stadio evoluzione Forma Baby
0%
Tipo Lotta
0%
Tasso di allevamento Medio-Lento
0%
Generazione Quarta
0%
Pokémon Riolu
0%
Nessun quiz corrispondente trovato
Distribuzione punteggi
Percentuale di utenti per punteggio
Percentile per numero di risposta
I tuoi punteggi nel tempo
Non hai fatto questo quiz